[Event "World Youth U-16 Olympiad 2018"]
[Site "Konya"]
[Date "2018.12.02"]
[Round "9"]
[White "Orozbaev, Eldiar"]
[Black "Li, William"]
[Result "1-0"]
[WhiteElo "1785"]
[BlackElo "2078"]
[Annotator "NA"]
[PlyCount "119"]
[EventDate "2018.11.25"]
[EventType "team-tourn"]
[EventCountry "TUR"]
[SourceTitle "playchess.com"]
[Source "ChessBase"]
[SourceQuality "1"]
[WhiteTeam "Kyrgyzstan"]
[BlackTeam "Canada"]
[WhiteTeamCountry "KGZ"]
[BlackTeamCountry "CAN"]

1. e4 c5 2. c3 d5 3. exd5 Qxd5 4. Nf3 Nc6 5. d4 Bf5 6. Be2 cxd4 7. cxd4 Bxb1 8. Rxb1 e6 9. O-O g6 10. b3 Bg7 11. Bc4 Qf5 12. Bb2 Rd8 13. Qe2 Nxd4 14. Nxd4 Bxd4 15. Bb5+ Kf8 16. Rbd1 e5 17. Kh1 g5 18. Bc4 Nf6 19. Rd3 Kg7 20. Rf3 Qg6 21. Bxd4 exd4 22. Bd3 Rhe8 23. Qxe8 Nxe8 24. Bxg6 hxg6 25. Re1 f5 26. Rd3 Kf6 27. Rc1 Ng7 28. g3 g4 29. Kg2 Ne6 30. h4 Ke5 31. Re1+ Kd5 32. b4 Kc4 33. Rb3 Rd6 34. Rc1+ Kd5 35. f3 Ra6 36. a3 Rc6 37. Rxc6 bxc6 38. fxg4 fxg4 39. Kf2 c5 40. bxc5 Nxc5 41. Rb8 Ne4+ 42. Ke1 Nxg3 43. Rb5+ Ke4 44. Rg5 Nf5 45. Rxg4+ Kd3 46. Rf4 Ne3 47. Kf2 Nd5 48. Rg4 Ne7 49. Rg5 Kc2 50. Re5 Nf5 51. h5 Ne3 52. Rc5+ Kd2 53. hxg6 Ng4+ 54. Kf3 Nh6 55. g7 d3 56. Rc8 Ke1 57. g8=Q Nxg8 58. Rxg8 Kd2 59. Rd8 Kc2 60. Ke4 1-0

[Event "World Youth U-16 Olympiad 2018"]
[Site "Konya"]
[Date "2018.12.02"]
[Round "9"]
[White "Leffad, Samy"]
[Black "Kayan, Yasar Efe"]
[Result "1-0"]
[WhiteElo "1776"]
[BlackElo "1515"]
[Annotator "NA"]
[PlyCount "55"]
[EventDate "2018.11.25"]
[EventType "team-tourn"]
[EventCountry "TUR"]
[SourceTitle "playchess.com"]
[Source "ChessBase"]
[SourceQuality "1"]
[WhiteTeam "Algeria"]
[BlackTeam "Turkey"]
[WhiteTeamCountry "ALG"]
[BlackTeamCountry "TUR"]

1. d4 e6 2. c4 d5 3. Nc3 Nf6 4. Bf4 c6 5. e3 Bd6 6. Bg3 Bxg3 7. hxg3 Nbd7 8. g4 dxc4 9. Bxc4 Nb6 10. Bd3 Bd7 11. g5 Nfd5 12. g6 f5 13. gxh7 Nf6 14. e4 g6 15. Qd2 Rxh7 16. Rxh7 Nxh7 17. Qh6 Nf8 18. Nf3 Qf6 19. a4 a5 20. Ra3 O-O-O 21. Rb3 Na8 22. Qf4 Nc7 23. Qd6 Re8 24. Qc5 Kb8 25. Qb6 Bc8 26. Ne5 Nd7 27. Nxc6+ Ka8 28. Qa7# 1-0

[Event "World Youth U-16 Olympiad 2018"]
[Site "Konya"]
[Date "2018.12.02"]
[Round "9"]
[White "Zane, Rayane"]
[Black "Coicev, Matei-Andrei"]
[Result "1-0"]
[WhiteElo "1767"]
[BlackElo "1462"]
[Annotator "NA RC"]
[PlyCount "105"]
[EventDate "2018.11.25"]
[EventType "team-tourn"]
[EventCountry "TUR"]
[SourceTitle "playchess.com"]
[Source "ChessBase"]
[SourceQuality "1"]
[WhiteTeam "Algeria"]
[BlackTeam "Romania"]
[WhiteTeamCountry "ALG"]
[BlackTeamCountry "ROU"]

1. e4 c5 2. Nf3 g6 3. d4 cxd4 4. Nxd4 Bg7 5. Be3 Nc6 6. Nc3 Nf6 7. f3 O-O 8. Qd2 d5 9. O-O-O dxe4 10. Nxc6 Qxd2+ 11. Rxd2 bxc6 12. Nxe4 Nd5 13. Bc5 Bh6 14. c4 Bxd2+ 15. Kxd2 Rd8 16. cxd5 Rxd5+ 17. Kc3 Bf5 18. Bxe7 Bxe4 19. fxe4 Re5 20. Bf6 Rxe4 21. Bd3 Rf4 22. Rf1 Rxf1 23. Bxf1 Re8 24. Bc4 Re4 25. Kd3 Re1 26. Bd4 Rh1 27. Bxa7 Rxh2 28. Bd4 Rxg2 29. a4 Rg5 30. b4 Rg3+ 31. Kc2 Kf8 32. a5 Ke7 33. a6 Ra3 34. Kb2 Ra4 35. Kb3 Rxa6 36. Bxa6 Kd6 37. Bc4 f5 38. Bg8 h5 39. Bh7 h4 40. Bxg6 h3 41. Bxf5 h2 42. Be4 Ke6 43. Kc4 h1=Q 44. Bxh1 Kd6 45. Bf6 Kc7 46. Kc5 Kd7 47. Bxc6+ Kc8 48. Be5 Kd8 49. Bd6 Kc8 50. b5 Kd8 51. b6 Kc8 52. b7+ Kd8 53. b8=R# 1-0

[Event "World Youth U-16 Olympiad 2018"]
[Site "Konya"]
[Date "2018.12.02"]
[Round "9"]
[White "Lopez Sanchez, Anastacia Antonia"]
[Black "Asavasaetakul, Chawit"]
[Result "1-0"]
[WhiteElo "1734"]
[BlackElo "1755"]
[Annotator "NA"]
[PlyCount "89"]
[EventDate "2018.11.25"]
[EventType "team-tourn"]
[EventCountry "TUR"]
[SourceTitle "playchess.com"]
[Source "ChessBase"]
[SourceQuality "1"]
[WhiteTeam "Mexico"]
[BlackTeam "Thailand"]
[WhiteTeamCountry "MEX"]
[BlackTeamCountry "THA"]

1. f4 e5 2. fxe5 d6 3. exd6 Bxd6 4. Nf3 g5 5. g3 g4 6. Nh4 Ne7 7. e4 Ng6 8. Nf5 Bxf5 9. exf5 Ne5 10. Bg2 Nbc6 11. d3 Qe7 12. O-O O-O-O 13. Bf4 h5 14. Nc3 h4 15. Nd5 Qf8 16. c3 hxg3 17. hxg3 Qg8 18. d4 Nc4 19. Qe2 Nb6 20. Nf6 Qg7 21. Bxd6 Qxf6 22. Be5 Nxe5 23. dxe5 Qh6 24. Rad1 Qg5 25. Qe4 c6 26. Rd4 Nd5 27. Rfd1 Rde8 28. c4 Nb6 29. Re1 Rhg8 30. b3 Nd7 31. Qf4 Qg7 32. Rde4 Nc5 33. R4e3 Nd7 34. e6 fxe6 35. fxe6 Nb6 36. e7 Rh8 37. Qf5+ Kc7 38. Qf4+ Kc8 39. Be4 Qb2 40. Bf5+ Nd7 41. R3e2 Qg7 42. Qd6 Rd8 43. exd8=Q+ Rxd8 44. Bxd7+ Rxd7 45. Re8+ 1-0

[Event "World Youth U-16 Olympiad 2018"]
[Site "Konya"]
[Date "2018.12.02"]
[Round "9"]
[White "Modi, Sonia"]
[Black "Johannsson, Birkir Isak"]
[Result "0-1"]
[WhiteElo "1588"]
[BlackElo "1956"]
[Annotator "NA"]
[PlyCount "62"]
[EventDate "2018.11.25"]
[EventType "team-tourn"]
[EventCountry "TUR"]
[SourceTitle "playchess.com"]
[Source "ChessBase"]
[SourceQuality "1"]
[WhiteTeam "South Africa"]
[BlackTeam "Iceland"]
[WhiteTeamCountry "RSA"]
[BlackTeamCountry "ISL"]

1. c4 c6 2. g3 d5 3. Bg2 Nf6 4. Nc3 dxc4 5. Qc2 Nbd7 6. Na4 Rb8 7. Nf3 b5 8. Nc3 Bb7 9. a4 a6 10. b3 cxb3 11. Qxb3 e6 12. Ba3 b4 13. Nb5 cxb5 14. Bxb4 Bxb4 15. Qxb4 Qe7 16. Qh4 b4 17. O-O O-O 18. Rfb1 a5 19. Nd4 Bxg2 20. Kxg2 Rfc8 21. Rc1 Qd6 22. Rab1 Qd5+ 23. Kg1 Rxc1+ 24. Rxc1 Qe4 25. Qxe4 Nxe4 26. Nc6 Ra8 27. Rc2 Kf8 28. Nd4 Nec5 29. Ra2 Ra6 30. Kf1 Rb6 31. Ke1 e5 0-1

[Event "World Youth U-16 Olympiad 2018"]
[Site "Konya"]
[Date "2018.12.02"]
[Round "9"]
[White "Aubakirov, Shyngys"]
[Black "Mladek, Richard"]
[Result "0-1"]
[WhiteElo "1546"]
[BlackElo "2312"]
[Annotator "ChessBase"]
[PlyCount "76"]
[EventDate "2018.11.25"]
[EventType "team-tourn"]
[EventCountry "TUR"]
[SourceTitle "playchess.com"]
[Source "ChessBase"]
[SourceQuality "1"]
[WhiteTeam "Kazakhstan"]
[BlackTeam "Czech Republic"]
[WhiteTeamCountry "KAZ"]
[BlackTeamCountry "CZE"]

1. e4 c5 2. Nc3 a6 3. a4 Nc6 4. f4 e6 5. Bc4 Nf6 6. d3 d5 7. Bb3 Nd4 8. Nf3 Nxb3 9. cxb3 d4 10. Ne2 Rb8 11. O-O Be7 12. Ng3 h5 13. Kh1 h4 14. Ne2 b5 15. a5 Bb7 16. Nd2 h3 17. g3 Ng4 18. Nf3 f5 19. exf5 exf5 20. Neg1 Qd5 21. Bd2 Kf7 22. Rc1 Rbe8 23. Qc2 Bd6 24. Rb1 Rh6 25. Qd1 Kg8 26. Rc1 Rhe6 27. Rb1 Bb8 28. Rc1 Ba7 29. Rb1 R8e7 30. Rc1 Kh8 31. Rb1 c4 32. bxc4 bxc4 33. dxc4 Qxc4 34. Rc1 Qd5 35. Rc2 d3 36. Rc3 Re2 37. Nxe2 Qxf3+ 38. Rxf3 Bxf3# 0-1

[Event "World Youth U-16 Olympiad 2018"]
[Site "Konya"]
[Date "2018.12.02"]
[Round "9"]
[White "Tempany, Max"]
[Black "Golsta, Madara"]
[Result "0-1"]
[WhiteElo "1512"]
[BlackElo "1849"]
[Annotator "NA"]
[PlyCount "56"]
[EventDate "2018.11.25"]
[EventType "team-tourn"]
[EventCountry "TUR"]
[SourceTitle "playchess.com"]
[Source "ChessBase"]
[SourceQuality "1"]
[WhiteTeam "Ireland"]
[BlackTeam "Latvia"]
[WhiteTeamCountry "IRL"]
[BlackTeamCountry "LAT"]

1. e4 c5 2. Nc3 g6 3. d4 cxd4 4. Qxd4 Nf6 5. b3 Bg7 6. f3 O-O 7. Qd2 d5 8. e5 Nfd7 9. f4 Nb6 10. Bb2 Nc6 11. O-O-O Be6 12. Nf3 a5 13. a4 Rc8 14. Be2 f6 15. Nd4 Nxd4 16. Qxd4 fxe5 17. fxe5 Qc7 18. Qd2 Qxe5 19. Bf3 Bf5 20. Rhe1 Qc7 21. Bxd5+ Nxd5 22. Qxd5+ e6 23. Rxe6 Bxe6 24. Qxe6+ Kh8 25. Rd7 Rf1+ 26. Kd2 Bxc3+ 27. Bxc3+ Qxc3+ 28. Ke2 Re1+ 0-1

[Event "World Youth U-16 Olympiad 2018"]
[Site "Konya"]
[Date "2018.12.02"]
[Round "9"]
[White "Chicarosie, Ioana-Bianca"]
[Black "Benrekia, Yacine"]
[Result "0-1"]
[WhiteElo "1508"]
[BlackElo "1689"]
[Annotator "NA"]
[PlyCount "140"]
[EventDate "2018.11.25"]
[EventType "team-tourn"]
[EventCountry "TUR"]
[SourceTitle "playchess.com"]
[Source "ChessBase"]
[SourceQuality "1"]
[WhiteTeam "Romania"]
[BlackTeam "Algeria"]
[WhiteTeamCountry "ROU"]
[BlackTeamCountry "ALG"]

1. Nf3 Nf6 2. d4 g6 3. Nbd2 Bg7 4. e4 d6 5. Bd3 O-O 6. O-O Nfd7 7. c3 Nc6 8. Nb3 e5 9. Be3 Qe8 10. Qc2 Nb6 11. dxe5 Nxe5 12. Nxe5 Bxe5 13. f4 Bg7 14. Bd4 f5 15. Bxg7 Kxg7 16. Rae1 Qf7 17. exf5 Bxf5 18. Bxf5 Qxf5 19. Qxf5 Rxf5 20. Nd4 Rf7 21. Ne6+ Kg8 22. Ng5 Rd7 23. Rf2 h6 24. Nf3 Nd5 25. g3 Re7 26. Rxe7 Nxe7 27. Re2 Kf7 28. Nd4 Nc6 29. Nxc6 bxc6 30. b4 a5 31. a3 axb4 32. axb4 Ra1+ 33. Kg2 Rc1 34. Re3 Rc2+ 35. Kg1 d5 36. h3 h5 37. Kh1 h4 38. g4 Rf2 39. Kg1 Rxf4 40. Kg2 Kf6 41. Kg1 Re4 42. Kf2 Rxe3 43. Kxe3 Ke5 44. Kf3 d4 45. cxd4+ Kxd4 46. Kf4 Kc4 47. Kg5 Kxb4 48. Kxg6 c5 49. Kh5 c4 50. g5 c3 51. g6 c2 52. g7 c1=Q 53. g8=Q Qf4 54. Qg4 Qxg4+ 55. Kxg4 c5 56. Kxh4 c4 57. Kg5 c3 58. h4 c2 59. Kg6 c1=Q 60. h5 Qg1+ 61. Kh7 Qg5 62. h6 Kc5 63. Kh8 Qxh6+ 64. Kg8 Qg6+ 65. Kh8 Qf6+ 66. Kh7 Qg5 67. Kh8 Kd6 68. Kh7 Ke7 69. Kh8 Kf7 70. Kh7 Qh5# 0-1

[Event "World Youth U-16 Olympiad 2018"]
[Site "Konya"]
[Date "2018.12.02"]
[Round "9"]
[White "Karibaev, Dimash"]
[Black "Koubova, Anna Marie"]
[Result "0-1"]
[WhiteElo "1460"]
[BlackElo "1999"]
[Annotator "NA"]
[PlyCount "128"]
[EventDate "2018.11.25"]
[EventType "team-tourn"]
[EventCountry "TUR"]
[SourceTitle "playchess.com"]
[Source "ChessBase"]
[SourceQuality "1"]
[WhiteTeam "Kazakhstan"]
[BlackTeam "Czech Republic"]
[WhiteTeamCountry "KAZ"]
[BlackTeamCountry "CZE"]

1. c4 c5 2. e4 Nc6 3. Nc3 g6 4. f4 Bg7 5. Nf3 e6 6. Be2 Nge7 7. O-O O-O 8. d3 b6 9. Be3 Bb7 10. e5 d6 11. exd6 Nf5 12. Bf2 Qxd6 13. Qd2 Rad8 14. Ne4 Qd7 15. Rad1 Qc7 16. Ng3 Nfd4 17. Kh1 Rd7 18. Bxd4 Nxd4 19. Nxd4 Rxd4 20. Bf3 Rxf4 21. Bxb7 Rxf1+ 22. Rxf1 Qxb7 23. Ne4 Qe7 24. Re1 Rd8 25. Qe2 Qd7 26. Rd1 Qd4 27. b3 Qe5 28. Qf3 Qb2 29. Ng5 Qf6 30. Qg3 Bh6 31. Ne4 Qf4 32. Qe1 Qe3 33. Nf6+ Kg7 34. Qc3 Qd4 35. Qxd4 Rxd4 36. Ne4 f5 37. Nc3 e5 38. Nb5 Rd7 39. Nc3 Rd4 40. Nb5 Rf4 41. g3 Rf2 42. Nxa7 e4 43. dxe4 fxe4 44. Nb5 e3 45. Kg1 Rxa2 46. Nc3 Rb2 47. Rd7+ Kf8 48. Ne4 Rb1+ 49. Kg2 e2 50. Nf6 Bg7 51. Nxh7+ Ke8 52. Rxg7 e1=Q 53. Nf6+ Kd8 54. Rg8+ Kc7 55. Nd5+ Kb7 56. Rg7+ Ka6 57. Nc7+ Ka5 58. Kf3 Rxb3+ 59. Kg4 Qe2+ 60. Kg5 Qh5+ 61. Kf6 Qf5+ 62. Ke7 Re3+ 63. Kd8 Qf8+ 64. Kd7 Qxg7+ 0-1

[Event "World Youth U-16 Olympiad 2018"]
[Site "Konya"]
[Date "2018.12.02"]
[Round "9"]
[White "Djerroud, Chahrazed"]
[Black "Bugdayci, Yuksel"]
[Result "1/2-1/2"]
[WhiteElo "1370"]
[BlackElo "1299"]
[Annotator "NA"]
[PlyCount "95"]
[EventDate "2018.11.25"]
[EventType "team-tourn"]
[EventCountry "TUR"]
[SourceTitle "playchess.com"]
[Source "ChessBase"]
[SourceQuality "1"]
[WhiteTeam "Algeria"]
[BlackTeam "Turkey"]
[WhiteTeamCountry "ALG"]
[BlackTeamCountry "TUR"]

1. e4 c6 2. d4 d5 3. Nc3 dxe4 4. Nxe4 Bf5 5. Ng3 Bg6 6. Nf3 Nf6 7. Bd3 Bxd3 8. Qxd3 e6 9. O-O Be7 10. Bf4 O-O 11. Rfe1 Nbd7 12. Ne5 Nxe5 13. Bxe5 Bd6 14. Qb3 Rb8 15. Rad1 Bxe5 16. dxe5 Nd7 17. Ne4 Qc7 18. Nd6 Rfd8 19. Qe3 a6 20. Qf4 Nb6 21. c4 c5 22. b3 Nc8 23. Ne4 Ne7 24. Nd6 Nc8 25. Ne4 Ne7 26. Rd6 Nf5 27. Rdd1 Rxd1 28. Rxd1 Rd8 29. Rxd8+ Qxd8 30. Qd2 Qc7 31. Kf1 h6 32. f4 b6 33. Nc3 Nd4 34. Ne4 Nf5 35. Kf2 Kf8 36. Nc3 Nd4 37. Ke1 Ke7 38. Ne2 Nxe2 39. Kxe2 Qd7 40. Qxd7+ Kxd7 41. Kd3 Kc6 42. a4 a5 43. Ke4 Kd7 44. g4 Ke7 45. f5 g6 46. h4 g5 47. hxg5 hxg5 48. f6+ 1/2-1/2

[Event "World Youth U-16 Olympiad 2018"]
[Site "Konya"]
[Date "2018.12.02"]
[Round "9"]
[White "Oflaz, Avni"]
[Black "Boubendir, Nesrine"]
[Result "0-1"]
[WhiteElo "1361"]
[BlackElo "1510"]
[Annotator "NA"]
[PlyCount "152"]
[EventDate "2018.11.25"]
[EventType "team-tourn"]
[EventCountry "TUR"]
[SourceTitle "playchess.com"]
[Source "ChessBase"]
[SourceQuality "1"]
[WhiteTeam "Turkey"]
[BlackTeam "Algeria"]
[WhiteTeamCountry "TUR"]
[BlackTeamCountry "ALG"]

1. e4 c5 2. Nf3 e6 3. d4 cxd4 4. Nxd4 a6 5. Nc3 Qc7 6. Be3 Nf6 7. a3 Be7 8. Bd3 d6 9. O-O Nbd7 10. f4 b5 11. f5 e5 12. Nde2 Bb7 13. Ng3 O-O 14. Qe2 Rac8 15. Rad1 Nc5 16. Kh1 Rfd8 17. Bxc5 dxc5 18. Qf3 c4 19. Be2 Bc5 20. Nh5 Nxh5 21. Qxh5 f6 22. Qf3 Rxd1 23. Rxd1 Rd8 24. Nd5 Bxd5 25. Rxd5 Rxd5 26. exd5 Bd6 27. Qe3 Qa5 28. c3 Qc7 29. h3 Qc5 30. Qxc5 Bxc5 31. a4 Kf8 32. axb5 axb5 33. g4 Ke7 34. b3 cxb3 35. Bxb5 Kd6 36. Bc4 b2 37. Ba2 b1=Q+ 38. Bxb1 Kxd5 39. Bd3 e4 40. Be2 Ke5 41. Kg2 Kf4 42. Bf1 Ke3 43. Kg3 Bd6+ 44. Kg2 Kd2 45. c4 Ke1 46. h4 Bc5 47. g5 h6 48. gxf6 gxf6 49. h5 e3 50. Bd3 Kd2 51. Bf1 e2 52. Bxe2 Kxe2 53. Kg3 Kd3 54. Kf4 Kxc4 55. Ke4 Bd6 56. Ke3 Kd5 57. Kf3 Kd4 58. Kg4 Ke4 59. Kh4 Kxf5 60. Kh3 Kg5 61. Kg2 Kxh5 62. Kf3 Kg5 63. Kf2 Kg4 64. Kg2 h5 65. Kf2 h4 66. Kg2 h3+ 67. Kg1 f5 68. Kh1 Bc5 69. Kh2 Kf3 70. Kh1 h2 71. Kxh2 f4 72. Kh1 Ke2 73. Kg2 f3+ 74. Kh2 f2 75. Kg3 f1=Q 76. Kh2 Bd6# 0-1

[Event "World Youth U-16 Olympiad 2018"]
[Site "Konya"]
[Date "2018.12.02"]
[Round "9"]
[White "Kadyrkulov, Saiid"]
[Black "Botez, Andrea"]
[Result "0-1"]
[WhiteElo "1325"]
[BlackElo "1647"]
[Annotator "NA"]
[PlyCount "82"]
[EventDate "2018.11.25"]
[EventType "team-tourn"]
[EventCountry "TUR"]
[SourceTitle "playchess.com"]
[Source "ChessBase"]
[SourceQuality "1"]
[WhiteTeam "Kyrgyzstan"]
[BlackTeam "Canada"]
[WhiteTeamCountry "KGZ"]
[BlackTeamCountry "CAN"]

1. e4 g6 2. d4 Bg7 3. Nf3 d6 4. Bc4 c6 5. O-O b5 6. Bb3 Nf6 7. e5 Ne4 8. Re1 d5 9. Nbd2 Nxd2 10. Bxd2 O-O 11. Qc1 Bg4 12. Re3 Nd7 13. h3 Bf5 14. Nh4 Be6 15. Rg3 c5 16. c3 cxd4 17. cxd4 Rc8 18. Qd1 Nxe5 19. dxe5 Bxe5 20. f4 Bxb2 21. Rb1 Bf6 22. Nf3 Qb6+ 23. Kh1 Bf5 24. Rc1 Rxc1 25. Bxc1 e6 26. Ne5 Qc7 27. Bb2 a5 28. Rc3 Qb7 29. Qc1 Bxe5 30. fxe5 d4 31. Rc7 Qe4 32. Bc2 d3 33. Bd1 Qe1+ 34. Kh2 d2 35. Qa1 Be4 36. Bd4 Qf1 37. Kg3 Qxg2+ 38. Kf4 Bd5 39. Qc3 Qf1+ 40. Ke3 Qe1+ 41. Kf4 Qxd1 0-1

[Event "World Youth U-16 Olympiad 2018"]
[Site "Konya"]
[Date "2018.12.02"]
[Round "9"]
[White "Gedik, Kerem Bilge"]
[Black "Chabane, Lina"]
[Result "1-0"]
[WhiteElo "1211"]
[BlackElo "1326"]
[Annotator "NA"]
[PlyCount "67"]
[EventDate "2018.11.25"]
[EventType "team-tourn"]
[EventCountry "TUR"]
[SourceTitle "playchess.com"]
[Source "ChessBase"]
[SourceQuality "1"]
[WhiteTeam "Turkey"]
[BlackTeam "Algeria"]
[WhiteTeamCountry "TUR"]
[BlackTeamCountry "ALG"]

1. Nf3 c5 2. e3 d5 3. d4 cxd4 4. exd4 Nf6 5. Bf4 Nc6 6. h3 Bf5 7. Bd3 Bxd3 8. Qxd3 e6 9. Nc3 a6 10. Ne5 Nxe5 11. dxe5 Nd7 12. O-O Be7 13. Qg3 Bf8 14. Be3 g6 15. f4 Bg7 16. Rad1 Nb6 17. f5 exf5 18. Qf2 Nd7 19. Nxd5 Qc8 20. Bb6 Bxe5 21. Rfe1 Kf8 22. Rxe5 Nxe5 23. Bc5+ Kg7 24. Be7 Re8 25. Qh4 Nd7 26. Nb6 Nxb6 27. Bf6+ Kg8 28. Rd4 Qc5 29. Kh1 Qf8 30. g4 fxg4 31. hxg4 Rac8 32. g5 Rxc2 33. Qxh7+ Kxh7 34. Rh4+ 1-0

[Event "World Youth U-16 Olympiad 2018"]
[Site "Konya"]
[Date "2018.12.02"]
[Round "9"]
[White "Burbach, Anya Belle"]
[Black "Maycock Bates, David Henry"]
[Result "0-1"]
[WhiteElo "1111"]
[BlackElo "1852"]
[Annotator "NA"]
[PlyCount "63"]
[EventDate "2018.11.25"]
[EventType "team-tourn"]
[EventCountry "TUR"]
[SourceTitle "playchess.com"]
[Source "ChessBase"]
[SourceQuality "1"]
[WhiteTeam "Thailand"]
[BlackTeam "Mexico"]
[WhiteTeamCountry "THA"]
[BlackTeamCountry "MEX"]

1. e4 e5 2. Nf3 Nc6 3. Bb5 a6 4. Bxc6 dxc6 5. d4 exd4 6. Qxd4 Qxd4 7. Nxd4 Nf6 8. f3 Bc5 9. Be3 O-O 10. Nd2 Re8 11. O-O-O a5 12. a4 Nd7 13. N2b3 Bb4 14. c3 Bf8 15. Rhe1 Nb6 16. Nd2 Nxa4 17. Kc2 Nb6 18. h4 h5 19. Bf4 Bd6 20. Ne2 Be6 21. Nb1 Red8 22. Na3 a4 23. Ra1 Bb3+ 24. Kc1 Bxf4+ 25. Nxf4 Rd7 26. Nc2 c5 27. Nxh5 Rad8 28. Nf4 Rd2 29. Ne3 Nc4 30. Nfd5 c6 31. Nxc4 Rc2+ 32. Kb1 0-1